00861nam a2200229 a 450000100100000000500170001000800410002704000250006808200190009310000370011224500600014926000500020930000280025950000730028765000260036065000280038670000370041491000370045104900090048895201170049799900170061400001740720240306073909.0100324s1983 dr a 000 p spa d aDO-SdBNPbspacBNPHU aCU861.3bM375p1 aMartí, José,d1853-1895964510aPoesías /cJosé Martí ; prólogo Lucila Marrero. aMiami, Florida :bLa Moderna Poesía,c1983. a382 p. :bil. ;c25 cm. aIncluye referencias bibliográficas y notas al pie de las páginas 4aPoesía cubana95226 4aLiteratura cubana9148312aMarrero, Lucila,epról.938093 aValidado. Control de calidad MFF aBNGR 0010718PDaGRbGRcHDd2010-03-24iLF1l0oCU861.3 M375pp17407-10r2020-06-25w2020-06-25yLFPDZNo se presta c16932d16932